Statistics for Самые крупные города Южного федерального округа России

Click here to take the quiz!

General Stats

  • This quiz has been taken 123 times
  • The average score is 9 of 20

Answer Stats

НаселениеГород% Correct
1 121 291Краснодар
97%
1 135 968Ростов
93%
446 599Сочи
92%
558 273 Севастополь
67%
1 025 662Волгоград
67%
340 540Симферополь
64%
261 626Новороссийск
59%
468 842Астрахань
55%
230 262Шахты
43%
154 621Керчь
42%
248 643Таганрог
39%
141 475Майкоп
37%
164 065Новочеркасск
23%
313 743Волжский
21%
107 877Евпатория
21%
167 406Волгодонск
21%
188 960Армавир
19%
106 534Новошахтинск
18%
127 919Батайск
15%
109 810Камышин
13%

Score Distribution

Percentile by Number Answered

Percent of People with Each Score

Your Score History

You have not taken this quiz